Top 10 państw w produkcji ropy naftowej na osobę - Statystyki

Ogólne statystyki
  • Ten quiz został rozwiązany 11 822 razy
  • Średni wynik to 6 z 10
Statystyki odpowiedzi
Baryłki na osobę Państwo % Poprawnych
113.4 Arabia Saudyjska
91%
143.7 Zjednoczone Emiraty Arabskie
80%
198.3 Katar
79%
42.8 Irak
72%
73.9 Oman
69%
244.1 Kuwejt
65%
42.1 Kanada
46%
103.4 Norwegia
37%
83.7 Brunei
13%
47.8 Gwinea Równikowa
7%
Nie znaleziono quizów pasujących do podanych kryteriów
Rozkład punktacji
Procent ludzi z każdym wynikiem
Percentyl według liczby udzielonych odpowiedzi
Twoja historia wyników
Nie rozwiązałeś tego quizu